| 000 | 00386nam a2200169Ia 4500 | ||
|---|---|---|---|
| 008 | 210210b1952 xxu||||| |||| 00| 0 eng d | ||
| 041 | _aeng | ||
| 082 | _a539/34 | ||
| 100 | _aGAMOW (George) | ||
| 245 | _aCreation of the universe | ||
| 260 |
_aNew York _bViking Press _c1952 |
||
| 300 | _a147 | ||
| 650 | _auniverse | ||
| 650 | _aCreation | ||
| 690 | _aPhysics | ||
| 906 | _a009050 | ||
| 999 |
_c127799 _d127799 |
||